00451nam a2200145Ia 4500008004100000020001800041041000800059082001600067100002100083245011100104260001900215300001300234650002900247650002900276210719s1969 xx 000 0 und d a1-883011-15-9 aeng a813.54 STEG aSTEINBECK (John) aGrapes of wrath and other writings 1936-1941bThe long valley, log from the sea of cortez, harvest gypsies aNew Yorkc1969 a1067bHB aAmerican English Fiction aAmerican English Fiction